| 000 | 00719nac a22001691u 4500 | ||
|---|---|---|---|
| 008 | 100914t xxu||||| |||| 00| 0 eng d | ||
| 020 | _a8123908962 | ||
| 082 |
_a629.8 _bJAI |
||
| 100 |
_aJairath, A.K. _919017 |
||
| 245 |
_aProblems & Solutions of Control Systems : _b(With Essential Thoery) / _cA.K. Jairath. |
||
| 260 |
_aNew Delhi : _bCBS Publishers and Distributors, _c2005. |
||
| 300 |
_a1 v. (various pagings) : _bill. ; _c24 cm. |
||
| 650 |
_aAutomatic control. _919018 |
||
| 650 |
_aControl theory. _919019 |
||
| 942 |
_cBB _k629.8JAI _2ddc |
||
| 999 |
_c1007 _d1007 |
||